00202nam a22000737a 4500082001400000100003900014245006200053300001300115 a340.6 MAT aK. Mathiharan and Amrit K. Patnaik aModi's Medical Jurisprudence and ToxicologycMathiharan K a962,417p